000 00998nam a22002177a 4500
999 _c8620
_d8620
003 GBCCL
005 20241126110654.0
008 210506b ||||| |||| 00| 0 eng d
020 _a0281044619
020 _a9780281044610
040 _cGBC
082 _a248.22
_bHIL
245 _aHildegard of Bingen :
_ban anthology /
_cedited and introduced by Fiona Bowie and Oliver Davies ; with new translations by Robert Carver.
260 _aLondon :
_bSpck,
_c1996, ©1990.
300 _axiv, 157 pages :
_billustrations ;
_c20 cm
505 _aA selection of work by Hildegard of Bingen, the 12th-century mystic. Though best known for the accounts of her visionary experiences, she also wrote theological works, poetry, music, a play and a book of natural history. The introduction places her work in its social and historical context.
650 _aHildegard,
_vSaint,
_y1098-1179.
_915216
650 _aMysticism
_vEarly works to 1800.
_915217
650 _aMysticism.
_91677
942 _2ddc
_cBK